|
|
|
|
| LEADER |
00000nam2a2200000 4500 |
| 001 |
140871 |
| 005 |
20231101220858.0 |
| 010 |
|
|
|a 9785940521587
|
| 035 |
|
|
|a (RuTPU)RU\TPU\book\152634
|
| 090 |
|
|
|a 140871
|
| 100 |
|
|
|a 20080711d2009 m y0rusy50 ca
|
| 101 |
0 |
|
|a rus
|
| 102 |
|
|
|a RU
|
| 105 |
|
|
|a a j 000zy
|
| 200 |
0 |
|
|a Ч. 2
|
| 205 |
|
|
|a 5-е изд.,
|
| 210 |
|
|
|d 2009
|
| 215 |
|
|
|a 432 с.
|c ил.
|
| 330 |
|
|
|a Содержит задачи по основам математического анализа, а также дифференциальному и интегральному исчислениям функций одной и нескольких переменных, дифференциальным уравнениям и кратным интегралам. Краткие теоретические сведения, снабженные большим количеством разобранных примеров, позволяют использовать сборник для всех видов обучения. Для студентов высших технических учебных заведений.
|
| 461 |
|
1 |
|0 (RuTPU)RU\TPU\book\172171
|y 9785-94052-156-3
|t Сборник задач по математике для втузов
|o учебное пособие: в 4 ч.
|f под ред. А. В. Ефимова, А. С. Поспелова
|v Ч. 2
|d 2009
|
| 606 |
1 |
|
|a Математика
|2 stltpush
|3 (RuTPU)RU\TPU\subj\67327
|9 83171
|
| 610 |
1 |
|
|a задачи
|
| 610 |
1 |
|
|a математический анализ
|
| 610 |
1 |
|
|a функции одной переменной
|
| 610 |
1 |
|
|a дифференциальное исчисление
|
| 610 |
1 |
|
|a интегральное исчисление
|
| 610 |
1 |
|
|a функции нескольких переменных
|
| 610 |
1 |
|
|a кратные интегралы
|
| 610 |
1 |
|
|a дифференциальные уравнения
|
| 610 |
1 |
|
|a учебные пособия
|
| 675 |
|
|
|a 51(076)
|v 3
|
| 801 |
|
1 |
|a RU
|b 63413507
|c 20080711
|g PSBO
|
| 801 |
|
2 |
|a RU
|b 63413507
|c 20210120
|g PSBO
|
| 900 |
|
|
|a Высшая математика
|
| 900 |
|
|
|a Математический анализ
|
| 900 |
|
|
|a Дифференциальное исчисление
|
| 900 |
|
|
|a Дифференциальные уравнения
|
| 942 |
|
|
|c BK
|
| 952 |
|
|
|a 550000
|
| 959 |
|
|
|a 71/20080710
|d 1
|e 0
|f ЧЗТЛ:1
|
| 959 |
|
|
|a 105/20081107
|d 50
|e 0
|f АНЛ:1
|f ЧЗТЛ:1
|f УФ:48
|
| 959 |
|
|
|a 121/20091210
|d 50
|e 0
|f УФ:50
|